Guess the ZAYN song with no hints #2 - Statistics

General Stats
  • This quiz has been taken 23 times
  • The average score is 149 of 279
Answer Stats
Answer % Correct
I
95%
you
95%
you,
95%
you)
95%
a
90%
love
90%
love?
90%
me
90%
Me
90%
to
90%
the
85%
we
85%
We
85%
It
80%
it
80%
so
80%
So
80%
on
75%
your
75%
Your
75%
Can
70%
can
70%
in
70%
in,
70%
In
70%
Like
70%
my
70%
when
70%
and
65%
And
65%
go
65%
he
65%
say
65%
Say
65%
this
65%
don't
60%
for
60%
I'm
60%
it's
60%
It's
60%
(It's
60%
Just
60%
of
60%
that
60%
that?
60%
what
60%
But
55%
hear
55%
Know
55%
too
55%
Yeah,
55%
baby,
50%
got
50%
let
50%
we're
50%
can't
45%
did
45%
ever
45%
good
45%
heart
45%
more
45%
not
45%
Oh,
45%
out
45%
right
45%
way
45%
Why?
45%
Why
45%
why
45%
would
45%
Cause
40%
down
40%
feel
40%
Give
40%
Still
40%
back
35%
better
35%
didn't
35%
Gotta
35%
mind
35%
now
35%
Now
35%
one
35%
than
35%
things
35%
time,
35%
try
35%
break
30%
deep,
30%
eyes?
30%
hate?
30%
hate,
30%
loves
30%
only
30%
room
30%
same
30%
wanna
30%
any
25%
ask
25%
bad
25%
fight?
25%
floor
25%
goodbye
25%
leave
25%
might
25%
sometimes
25%
sometimes,
25%
take
25%
take-take
25%
tears
25%
tryna
25%
dad
20%
fall
20%
fell
20%
finally
20%
Hope
20%
hurts
20%
knocked
20%
living
20%
probably
20%
quite
20%
ruin
20%
save
20%
tell
20%
vibes
20%
wait
20%
admit
15%
asked
15%
crime,
15%
cry
15%
falling,
15%
fruit
15%
gamble
15%
hated
15%
making
15%
must
15%
obviously,
15%
Sayin'
15%
through
15%
trial,
15%
wasn't
15%
while
15%
acquitted
10%
fitted
10%
glove,
10%
meant,
10%
rearranged
10%
watching
10%
names
5%
No matching quizzes found
Score Distribution
Percent of People with Each Score
Percentile by Number Answered
Your Score History
You have not taken this quiz